Higher Education in Innovation Ecosystems (Record no. 191135)

MARC details
000 -LEADER
fixed length control field 00509nmm a2200145Ia 4500
020 ## - INTERNATIONAL STANDARD BOOK NUMBER
ISBN 9783039365753
245 #0 - TITLE STATEMENT
Title Higher Education in Innovation Ecosystems
260 ## - PUBLICATION, DISTRIBUTION, ETC. (IMPRINT)
Place of publication MDPI - Multidisciplinary Digital Publishing Institute
Year of publication 2020
650 ## - SUBJECT ADDED ENTRY--TOPICAL TERM
Topical Term transnational industry cooperation
700 ## - ADDED ENTRY--PERSONAL NAME
Personal name Cai, Yuzhuo||Ma, Jinyuan||Chen, Qiongqiong
856 ## - ELECTRONIC LOCATION AND ACCESS
Uniform Resource Identifier https://directory.doabooks.org/handle/20.500.12854/69184
942 ## - ADDED ENTRY ELEMENTS (KOHA)
Koha item type
Holdings
Withdrawn status Lost status Damaged status Not for loan Permanent Location Current Location Date acquired Price effective from Koha item type
        Library and Documentation Division NCERT Library and Documentation Division NCERT 11/20/2024 11/20/2024